| 000 | 00615nam a2200241Ia 4500 | ||
|---|---|---|---|
| 003 | 0100 | ||
| 008 | 130307s9999 xx 000 0 und d | ||
| 020 | _a088214104X | ||
| 040 | _cARRUPELIB | ||
| 050 | _aBF698.J763 1979 | ||
| 100 | _aVon Franz , Marie-Louise | ||
| 245 | _aLectures on Jung's typology | ||
| 245 | _bI, the inferior function ; II, the feeling function | ||
| 260 | _aTexas | ||
| 260 | _bSprings Publications , Inc. | ||
| 260 | _c1979 | ||
| 300 | _a150p. | ||
| 300 | _b23cm. | ||
| 650 | _aPSYCHOLOGY | ||
| 650 | _bReligion - apostle` creed | ||
| 700 | _aHillman , James | ||
| 942 | 0 | 0 | _02 |
| 999 |
_c96038 _d96038 |
||